| 000 | 00358nam a22001337a 4500 | ||
|---|---|---|---|
| 020 | _a8120310411 | ||
| 040 | _cNust | ||
| 082 |
_a004.6 _bBLA |
||
| 100 |
_aUyless black _9127457 |
||
| 245 |
_aComputer networks _bprotocols, standards, and interfaces |
||
| 260 |
_aNew Delhi: _bPrentice Hall, _c1993. |
||
| 650 |
_aComputer networks _93677 |
||
| 942 |
_2ddc _cBK |
||
| 999 |
_c612579 _d612579 |
||